00899nam a22002897a 4500003000500000005001700005008004100022010001000063011001000073020001500083035001100098040000900109082001600118100001600134245009700150260005700247300003000304490003800334500004000372650002500412650001500437650002400452650003100476650003200507710003200539830003800571CHAP20220329143445.0091022s2006 es a r 00010 eng d a96930 a97902 a926410951X a108574 cCHAP00a621.32bW131 aWaide, Paul10aLight's labour's lost :bpolicies for energy-efficient lightingc/by Paul Waide ... [et al.] aParis :bOECD :bInternational Energy Agency,cc2006 a558 p. :bilus., gráfs. 0aEnergy efficiency policy profiles aIn support of the G8 plan of action14aAlumbrado electrico.14aEnergía.14aEnergíaxConsumo.14aEnergíaxEstadísticas.14aEnergíaxInvestigación.2 aInternational Energy Agency 0aEnergy efficiency policy profiles